[Event "MGL-ch (Women) 51st"]
[Site "Murun"]
[Date "2019.09.29"]
[Round "11"]
[White "Munkhzul, Davaakhuu"]
[Black "Ankhchimeg, Bayanmunkh"]
[Result "1-0"]
[WhiteElo "2007"]
[BlackElo "2127"]
[PlyCount "87"]
[EventDate "2019.09.21"]
[EventType "tourn"]
[EventRounds "11"]
[EventCountry "MGL"]
[SourceTitle "EXT 2020"]
[Source "ChessBase"]
[SourceDate "2019.10.17"]
[SourceVersion "1"]
[SourceVersionDate "2019.10.17"]
[SourceQuality "1"]

1. e4 c5 2. Nf3 Nc6 3. d4 cxd4 4. Nxd4 Nf6 5. Nc3 e5 6. Ndb5 d6 7. Bg5 a6 8. Na3 b5 9. Nd5 Be7 10. Bxf6 Bxf6 11. c4 b4 12. Nc2 a5 13. g3 h5 14. h4 g6 15. Nxf6+ Qxf6 16. Bg2 0-0 17. 0-0 Qe7 18. Qe2 Be6 19. b3 a4 20. Qd2 Qb7 21. f4 exf4 22. gxf4 Bg4 23. f5 Kg7 24. Qxd6 Rad8 25. Qf4 f6 26. fxg6 Ne5 27. Ne3 Nxg6 28. Qg3 Qd7 29. Nd5 Ra8 30. Qf2 Qd6 31. c5 Qe5 32. Rab1 axb3 33. Rxb3 f5 34. Rxb4 f4 35. Rb7+ Kh6 36. Rfb1 Ra3 37. R1b6 Be6 38. Rxe6 Qxe6 39. Qb2 Qe5 40. Qxa3 Qd4+ 41. Kh2 f3 42. Qc1+ Nf4 43. Nxf4 Qe5 44. Bxf3 1-0

[Event "MGL-ch (Women) 51st"]
[Site "Murun"]
[Date "2019.09.28"]
[Round "10"]
[White "Ankhchimeg, Bayanmunkh"]
[Black "Altantuya, Boldbaatar"]
[Result "1/2-1/2"]
[WhiteElo "2127"]
[BlackElo "2277"]
[PlyCount "98"]
[EventDate "2019.09.21"]
[EventType "tourn"]
[EventRounds "11"]
[EventCountry "MGL"]
[SourceTitle "EXT 2020"]
[Source "ChessBase"]
[SourceDate "2019.10.17"]
[SourceVersion "1"]
[SourceVersionDate "2019.10.17"]
[SourceQuality "1"]

1. e4 c5 2. c3 d5 3. e5 d4 4. Nf3 Nc6 5. d3 Qd5 6. Bf4 g6 7. Na3 Bh6 8. Qd2 dxc3 9. bxc3 Bxf4 10. Qxf4 Nd8 11. Be2 Ne6 12. Qd2 Kf8 13. h4 h5 14. d4 cxd4 15. cxd4 Nh6 16. 0-0 Kg7 17. Bc4 Qe4 18. d5 Nf4 19. Rae1 Qf5 20. Nc2 Nxg2 21. Ncd4 Qg4 22. Nh2 Qh3 23. Qg5 Nxe1 24. Rxe1 Ng4 25. Nhf3 Nh6 26. Qxe7 Qg4+ 27. Kf1 Qh3+ 28. Ke2 Bg4 29. Qf6+ Kg8 30. e6 Bxf3+ 31. Nxf3 Qf5 32. Qd4 Qg4 33. e7 Nf5 34. Qxg4 hxg4 35. Kd3 Nxe7 36. Rxe7 gxf3 37. d6 Kg7 38. Rxf7+ Kh6 39. Rxb7 Rad8 40. d7 Kh5 41. Bd5 Rhf8 42. Ke3 Kxh4 43. Bxf3 Rf6 44. Rxa7 Re6+ 45. Be4 Rd6 46. Rc7 R8xd7 47. Rxd7 Rxd7 48. Bxg6 Ra7 49. Bb1 Kg4 1/2-1/2

[Event "MGL-ch (Women) 51st"]
[Site "Murun"]
[Date "2019.09.22"]
[Round "2"]
[White "Uchral, Gankhuyag"]
[Black "Ankhchimeg, Bayanmunkh"]
[Result "0-1"]
[WhiteElo "1747"]
[BlackElo "2127"]
[PlyCount "142"]
[EventDate "2019.09.21"]
[EventType "tourn"]
[EventRounds "11"]
[EventCountry "MGL"]
[SourceTitle "EXT 2020"]
[Source "ChessBase"]
[SourceDate "2019.10.17"]
[SourceVersion "1"]
[SourceVersionDate "2019.10.17"]
[SourceQuality "1"]

1. e4 c5 2. Nf3 Nc6 3. d4 cxd4 4. Nxd4 Nf6 5. Nc3 e5 6. Ndb5 d6 7. Bg5 a6 8. Na3 b5 9. Nd5 Be7 10. Bxf6 Bxf6 11. c4 b4 12. Nc2 a5 13. Be2 0-0 14. 0-0 g6 15. Nce3 Bg7 16. Rc1 Bb7 17. b3 f5 18. c5 Nd4 19. cxd6 Qxd6 20. Nc4 Qd8 21. Ncb6 Qg5 22. Rc7 Bxd5 23. exd5 Rad8 24. Bc4 Kh8 25. Ra7 f4 26. f3 Rd6 27. Nd7 Qe7 28. Rxa5 Rxd7 29. Qd2 e4 30. fxe4 f3 31. Bd3 fxg2 32. Qxg2 Nc6 33. Rxf8+ Qxf8 34. Rb5 Bd4+ 35. Kh1 Ne5 36. Be2 Rc7 37. Qf1 Qxf1+ 38. Bxf1 Rc1 39. Kg2 Rc2+ 40. Kg3 Nd7 41. Rxb4 Bc5 42. Rb7 Nf6 43. b4 Bd6+ 44. Kf3 Rc3+ 45. Ke2 Ra3 46. Bg2 Rxa2+ 47. Kf3 Ra3+ 48. Ke2 Ra2+ 49. Kf3 Nxe4 50. Kxe4 Rxg2 51. b5 Rg4+ 52. Kd3 Bc5 53. Rc7 Bd6 54. Rd7 Bxh2 55. b6 Rb4 56. b7 g5 57. Kc3 Rb1 58. Kc4 g4 59. Kc5 Be5 60. d6 Bf6 61. Rf7 Bd8 62. d7 Kg8 63. Rf4 h5 64. Kc6 Rb6+ 65. Kd5 Rxb7 66. Ke6 g3 67. Rf3 Rb6+ 68. Kd5 Rg6 69. Re3 g2 70. Re8+ Kf7 71. Rxd8 Ke7 0-1

[Event "Longtou Cup 2nd"]
[Site "Qinhuangdao"]
[Date "2019.04.23"]
[Round "7"]
[White "Li, Guohao"]
[Black "Ankhchimeg, Bayanmunkh"]
[Result "1-0"]
[WhiteElo "2098"]
[BlackElo "2120"]
[PlyCount "91"]
[EventDate "2019.04.16"]
[EventType "swiss"]
[EventRounds "9"]
[EventCountry "CHN"]
[SourceTitle "CBM 190 Extra"]
[Source "ChessBase"]
[SourceDate "2019.07.15"]
[SourceVersion "1"]
[SourceVersionDate "2019.07.15"]
[SourceQuality "1"]

1. d4 f5 2. Nf3 Nf6 3. g3 g6 4. Bg2 Bg7 5. 0-0 0-0 6. c4 d6 7. Nc3 c6 8. d5 e5 9. dxe6 Bxe6 10. b3 Ne4 11. Nxe4 fxe4 12. Nd4 Bf7 13. Rb1 d5 14. cxd5 Bxd5 15. Nc2 Nd7 16. Ne3 Nb6 17. Qc2 Qe7 18. Bb2 Rae8 19. Rbd1 Kh8 20. Qc1 Bg8 21. Ba3 Qf7 22. Bxf8 Qxf8 23. Qc2 Qe7 24. Rd2 Nd5 25. Nxd5 Bxd5 26. e3 Qe6 27. Rfd1 Qe5 28. Bf1 Be6 29. Rd8 Bg4 30. Be2 Bf5 31. Rxe8+ Qxe8 32. Qc5 Bf6 33. Qxa7 Qe7 34. Qb8+ Kg7 35. Qd6 Qe8 36. Qc7+ Qe7 37. Qxe7+ Bxe7 38. f3 Kf6 39. Kf2 exf3 40. Bxf3 Bc5 41. g4 Be6 42. Rd8 b6 43. h3 h5 44. gxh5 gxh5 45. h4 Ke5 46. Rh8 1-0

[Event "Longtou Cup 2nd"]
[Site "Qinhuangdao"]
[Date "2019.04.18"]
[Round "3"]
[White "Ankhchimeg, Bayanmunkh"]
[Black "Mikhalev, Dmitry"]
[Result "0-1"]
[WhiteElo "2120"]
[BlackElo "2360"]
[PlyCount "84"]
[EventDate "2019.04.16"]
[EventType "swiss"]
[EventRounds "9"]
[EventCountry "CHN"]
[SourceTitle "CBM 190 Extra"]
[Source "ChessBase"]
[SourceDate "2019.07.15"]
[SourceVersion "1"]
[SourceVersionDate "2019.07.15"]
[SourceQuality "1"]

1. e4 c6 2. d4 d5 3. Nc3 dxe4 4. Nxe4 Nf6 5. Ng5 h6 6. N5f3 Bf5 7. Ne5 e6 8. Ngf3 Nbd7 9. Bd3 Nxe5 10. dxe5 Bxd3 11. cxd3 Nd5 12. 0-0 Be7 13. Nd2 Nb4 14. Qg4 g6 15. Ne4 Qxd3 16. Rd1 h5 17. Rxd3 hxg4 18. Rg3 Rh5 19. Nf6+ Bxf6 20. exf6 0-0-0 21. Be3 Rdh8 22. Kf1 Rxh2 23. Ke2 Nd5 24. Rxg4 R8h4 25. Rg3 a6 26. Rd1 Kd7 27. a3 e5 28. Bg5 Rc4 29. Rb3 b5 30. Kf3 Ke6 31. Ra1 Kf5 32. Be3 Kxf6 33. g3 Kf5 34. Bd2 e4+ 35. Ke2 Ke6 36. Rc1 Rxc1 37. Bxc1 c5 38. g4 Rh1 39. Bd2 Rb1 40. Rh3 Rxb2 41. Rh8 c4 42. Kd1 c3 0-1

[Event "MGL-ch (Women) 50th"]
[Site "Tsetserleg"]
[Date "2018.05.27"]
[Round "11"]
[White "Nomindalai, Tumurbaatar"]
[Black "Ankhchimeg, Bayanmunkh"]
[Result "0-1"]
[WhiteElo "1875"]
[BlackElo "2157"]
[PlyCount "153"]
[EventDate "2018.05.19"]
[EventType "tourn"]
[EventRounds "11"]
[EventCountry "MGL"]
[SourceTitle "EXT 2019"]
[Source "ChessBase"]
[SourceDate "2018.10.10"]
[SourceVersion "1"]
[SourceVersionDate "2018.10.10"]
[SourceQuality "1"]

1. d4 f5 2. Bg5 g6 3. e3 Bg7 4. Nf3 Nf6 5. Nbd2 0-0 6. Be2 d6 7. c3 Qe8 8. Qb3+ e6 9. h4 Nbd7 10. 0-0-0 Ne4 11. Rdf1 h6 12. Bf4 Kh8 13. Nxe4 fxe4 14. Nd2 e5 15. dxe5 dxe5 16. Bg3 Nc5 17. Qd5 Nd3+ 18. Bxd3 c6 19. Qd6 exd3 20. Qxd3 Be6 21. Qc2 a5 22. a3 b5 23. Rd1 b4 24. a4 bxc3 25. Qxc3 Bg4 26. f3 e4 27. Qc4 Bf5 28. Nxe4 Be6 29. Qc5 Bb3 30. Nd6 Qe6 31. Rd3 Rfb8 32. Ne4 Rb4 33. Nc3 Bxa4 34. Qd6 Qe8 35. Nxa4 Rxa4 36. Ra3 Rb4 37. Rd3 Rxb2 38. Rhd1 Kh7 39. Be1 Qg8 40. R1d2 Rb7 41. Rc2 Rc8 42. Bxa5 c5 43. Qd5 Ra7 44. Qxg8+ Kxg8 45. Rd8+ Rxd8 46. Bxd8 Bf8 47. Bb6 Ra1+ 48. Kd2 Rh1 49. g3 Rh3 50. Bc7 Kf7 51. Kd3 Ke6 52. Kc4 Rh1 53. e4 Rf1 54. f4 Kd7 55. Be5 Kc6 56. Ra2 Rc1+ 57. Bc3 Kb7 58. Rb2+ Kc7 59. Rb3 g5 60. hxg5 hxg5 61. Kd5 Rd1+ 62. Kc4 Rc1 63. Kb5 Kd7 64. fxg5 Rg1 65. Bf6 Ke6 66. e5 Kf7 67. Re3 Rb1+ 68. Kc4 Ke6 69. Ra3 Rc1+ 70. Kb5 c4 71. Ra6+ Kd5 72. Ra2 c3 73. g6 Rb1+ 74. Ka6 Rb2 75. Ra5+ Kc6 76. g7 Bxg7 77. Bxg7 0-1

[Event "MGL-ch (Women) 50th"]
[Site "Tsetserleg"]
[Date "2018.05.25"]
[Round "9"]
[White "Otgonsuvd, Batsaikhan"]
[Black "Ankhchimeg, Bayanmunkh"]
[Result "0-1"]
[WhiteElo "1909"]
[BlackElo "2157"]
[PlyCount "135"]
[EventDate "2018.05.19"]
[EventType "tourn"]
[EventRounds "11"]
[EventCountry "MGL"]
[SourceTitle "EXT 2019"]
[Source "ChessBase"]
[SourceDate "2018.10.10"]
[SourceVersion "1"]
[SourceVersionDate "2018.10.10"]
[SourceQuality "1"]

1. e4 c5 2. Nf3 Nc6 3. Bb5 g6 4. Bxc6 bxc6 5. 0-0 d6 6. h3 Bg7 7. d3 Rb8 8. c3 Nh6 9. Re1 0-0 10. Na3 f6 11. Be3 Nf7 12. Qc2 e5 13. d4 f5 14. dxe5 fxe4 15. Qxe4 Nxe5 16. Nxe5 Bxe5 17. Nc4 Bg7 18. Qxc6 Be6 19. Qe4 Re8 20. Qd3 d5 21. Na3 d4 22. cxd4 cxd4 23. Bf4 Rxb2 24. Nc4 Bxc4 25. Qxc4+ Kh8 26. Rxe8+ Qxe8 27. Rc1 h5 28. a4 Qe4 29. Qf7 Rb1 30. Rxb1 Qxb1+ 31. Kh2 Qb6 32. Qe8+ Kh7 33. Be5 Bxe5+ 34. Qxe5 Qd8 35. Qf4 d3 36. Qd2 Qd4 37. g3 Qe4 38. h4 Kg8 39. Qg5 Kf7 40. Qc5 Ke6 41. Qxa7 Qd5 42. Qe3+ Kd7 43. Qa7+ Kc6 44. Qa6+ Kc5 45. Qb5+ Kd4 46. Qb2+ Kc4 47. Qa2+ Kc5 48. Qa3+ Kb6 49. Qb4+ Ka6 50. a5 Qb5 51. Qd2 Qc4 52. Kg2 Qc6+ 53. Kg1 Qe4 54. Qc3 Kb5 55. Qb3+ Kxa5 56. Qa3+ Kb5 57. Qb3+ Kc5 58. Qa3+ Kb6 59. Qd6+ Kb5 60. Qb8+ Kc4 61. Qc7+ Kb3 62. Qb6+ Kc2 63. Qc5+ Kd1 64. Qa3 Qc4 65. Qa1+ Qc1 66. Qe5 Qb1 67. Qe4 Kc1 68. Kg2 0-1

[Event "MGL-ch (Women) 50th"]
[Site "Tsetserleg"]
[Date "2018.05.21"]
[Round "4"]
[White "Batchimeg, Tuvshintugs"]
[Black "Ankhchimeg, Bayanmunkh"]
[Result "1/2-1/2"]
[WhiteElo "2384"]
[BlackElo "2157"]
[PlyCount "65"]
[EventDate "2018.05.19"]
[EventType "tourn"]
[EventRounds "11"]
[EventCountry "MGL"]
[SourceTitle "EXT 2019"]
[Source "ChessBase"]
[SourceDate "2018.10.10"]
[SourceVersion "1"]
[SourceVersionDate "2018.10.10"]
[SourceQuality "1"]

1. d4 d5 2. c4 e6 3. Nc3 Be7 4. Bf4 Nf6 5. e3 0-0 6. Rc1 dxc4 7. Bxc4 c5 8. Nf3 cxd4 9. Nxd4 Nd5 10. Nxd5 exd5 11. Bd3 Bb4+ 12. Kf1 Na6 13. Bxa6 bxa6 14. Nc6 Qb6 15. a3 Ba5 16. Kg1 Bd7 17. Bc7 Qxc7 18. Ne7+ Kh8 19. Rxc7 Bxc7 20. f3 Rad8 21. Kf2 Bb6 22. Qb3 d4 23. e4 Rb8 24. Qd5 Be6 25. Qe5 Rfe8 26. Nd5 f6 27. Qf4 Bxd5 28. exd5 d3+ 29. Kg3 Be3 30. Qc4 d2 31. Rd1 Rbc8 32. Qd3 Re5 33. h4 1/2-1/2

[Event "MGL-ch (Women) 49th"]
[Site "Dadal"]
[Date "2017.03.19"]
[Round "4"]
[White "Ulziikhishigjargal, Ochirkhuyag"]
[Black "Ankhchimeg, Bayanmunkh"]
[Result "0-1"]
[WhiteElo "1956"]
[BlackElo "2156"]
[PlyCount "96"]
[EventDate "2017.03.17"]
[EventType "tourn"]
[EventRounds "11"]
[EventCountry "MGL"]
[SourceTitle "CBM 177 Extra"]
[Source "ChessBase"]
[SourceDate "2017.04.27"]
[SourceVersion "1"]
[SourceVersionDate "2017.04.27"]
[SourceQuality "1"]

1. e4 c5 2. Nf3 Nc6 3. c4 e5 4. g3 g6 5. Bg2 Bg7 6. 0-0 Nge7 7. Nc3 d6 8. a3 0-0 9. Rb1 h6 10. b4 Be6 11. Nd5 Qd7 12. d3 f5 13. b5 Nd4 14. Nxd4 cxd4 15. Nxe7+ Qxe7 16. f4 Rad8 17. fxe5 dxe5 18. Bd2 Rf7 19. Bb4 Qd7 20. Qd2 Kh7 21. Rf2 Bf6 22. Qe2 Bg5 23. Bd2 f4 24. gxf4 Bxf4 25. Bxf4 exf4 26. Rbf1 Rdf8 27. e5 g5 28. Be4+ Bf5 29. Re1 Re7 30. e6 Qd6 31. h4 Qe5 32. hxg5 Bxe4 33. Qxe4+ Qxe4 34. Rxe4 hxg5 35. Rxd4 Rxe6 36. Rd7+ Kg6 37. Rxb7 g4 38. Rxa7 f3 39. Kh2 Kf5 40. c5 Rh8+ 41. Kg1 Kf4 42. Rf7+ Kg3 43. R2xf3+ gxf3 44. Rg7+ Kf4 45. b6 Re1+ 46. Kf2 Re2+ 47. Kg1 f2+ 48. Kg2 Rh2+ 0-1

[Event "Ulaanbaatar (Women)"]
[Site "Ulaanbaatar"]
[Date "2016.03.17"]
[Round "4"]
[White "Ankhchimeg, Bayanmunkh"]
[Black "Otgonjargal, Sengeravdan"]
[Result "1-0"]
[WhiteElo "2121"]
[BlackElo "2160"]
[PlyCount "62"]
[EventDate "2016.03.14"]
[EventType "tourn"]
[EventRounds "7"]
[EventCountry "MGL"]
[SourceTitle "EXT 2017"]
[Source "ChessBase"]
[SourceDate "2016.10.25"]
[SourceVersion "1"]
[SourceVersionDate "2016.10.25"]
[SourceQuality "1"]

1. e4 e5 2. Nf3 Nc6 3. Bb5 a6 4. Ba4 Nf6 5. 0-0 b5 6. Bb3 Be7 7. Re1 d6 8. c3 0-0 9. h3 Nb8 10. d4 Nbd7 11. Nbd2 c5 12. Nf1 Bb7 13. Ng3 Re8 14. d5 c4 15. Bc2 Nc5 16. Be3 Bf8 17. Nh2 Bc8 18. Qd2 Nfd7 19. Nf5 Nb6 20. Ng3 Nba4 21. Rab1 Rb8 22. f4 f6 23. fxe5 dxe5 24. Red1 Nb6 25. Qf2 Ncd7 26. Nf5 Kh8 27. Kh1 Bb7 28. Rd2 Nc8 29. Bd1 Nd6 30. Nxd6 Bxd6 31. Bg4 Nb6 1-0

[Event "MGL-ch (Women) 48th"]
[Site "Uliastai"]
[Date "2016.02.23"]
[Round "10"]
[White "Ankhchimeg, Bayanmunkh"]
[Black "Uuriintuya, Uurtsaikh"]
[Result "1-0"]
[WhiteElo "2121"]
[BlackElo "2255"]
[PlyCount "97"]
[EventDate "2016.02.16"]
[EventType "tourn"]
[EventRounds "11"]
[EventCountry "MGL"]
[SourceTitle "CBM 171 Extra"]
[Source "ChessBase"]
[SourceDate "2016.04.26"]
[SourceVersion "1"]
[SourceVersionDate "2016.04.26"]
[SourceQuality "1"]

1. e4 c5 2. Nf3 Nc6 3. Bb5 d6 4. 0-0 Bd7 5. Re1 a6 6. Bf1 Bg4 7. c3 Nf6 8. d4 cxd4 9. cxd4 e5 10. d5 Nd4 11. Be3 Nxf3+ 12. gxf3 Bd7 13. a4 Be7 14. Na3 0-0 15. Qb3 Bc8 16. Nc4 Nd7 17. f4 Kh8 18. Rac1 exf4 19. Bxf4 Nc5 20. Qb6 Nxa4 21. Qxd8 Rxd8 22. b3 Nc5 23. Nb6 g5 24. Bg3 h5 25. Nxa8 h4 26. Nb6 hxg3 27. Nxc8 Rxc8 28. b4 gxf2+ 29. Kxf2 Nxe4+ 30. Rxe4 Rxc1 31. Rxe7 Rc2+ 32. Kg1 Rb2 33. Rxb7 a5 34. b5 a4 35. Ra7 Rb4 36. Ra6 Rg4+ 37. Kf2 Rf4+ 38. Ke2 Kg7 39. Rxd6 a3 40. Ra6 Rb4 41. Ke3 f5 42. Rxa3 Kf6 43. Rc3 Ke5 44. Bc4 g4 45. Kd3 Rb1 46. Rb3 Rd1+ 47. Ke2 Rh1 48. b6 Rxh2+ 49. Kf1 1-0

[Event "Asian Continental op (Women) 14th"]
[Site "Al Ain"]
[Date "2015.08.09"]
[Round "8"]
[White "Ankhchimeg, Bayanmunkh"]
[Black "Boshra, Alshaeby"]
[Result "1-0"]
[WhiteElo "2180"]
[BlackElo "1987"]
[PlyCount "40"]
[EventDate "2015.08.02"]
[EventType "swiss"]
[EventRounds "9"]
[EventCountry "UAE"]
[SourceTitle "CBM 167 Extra"]
[Source "ChessBase"]
[SourceDate "2015.09.14"]
[SourceVersion "1"]
[SourceVersionDate "2015.09.14"]
[SourceQuality "1"]

1. e4 c5 2. c3 d6 3. d4 Nf6 4. Bd3 Nc6 5. Ne2 g6 6. f3 Bg7 7. Be3 b6 8. g4 Bb7 9. Qd2 h5 10. g5 Nd7 11. 0-0 Rc8 12. f4 cxd4 13. cxd4 Na5 14. Na3 0-0 15. f5 Qe8 16. Nf4 e5 17. fxe6 fxe6 18. Nb5 Rc6 19. Nxa7 Nc4 20. Qe2 Nxe3 1-0

[Event "Asian Continental op (Women) 14th"]
[Site "Al Ain"]
[Date "2015.08.06"]
[Round "5"]
[White "Al Zarouni, Kholoud Essa"]
[Black "Ankhchimeg, Bayanmunkh"]
[Result "0-1"]
[WhiteElo "1840"]
[BlackElo "2180"]
[PlyCount "82"]
[EventDate "2015.08.02"]
[EventType "swiss"]
[EventRounds "9"]
[EventCountry "UAE"]
[SourceTitle "CBM 167 Extra"]
[Source "ChessBase"]
[SourceDate "2015.09.14"]
[SourceVersion "1"]
[SourceVersionDate "2015.09.14"]
[SourceQuality "1"]

1. e4 c5 2. c3 Nf6 3. e5 Nd5 4. Nf3 Nc6 5. Bc4 e6 6. d4 cxd4 7. cxd4 d6 8. 0-0 Be7 9. Qe2 0-0 10. Rd1 Qc7 11. Bd2 Qb6 12. Nc3 Nxc3 13. Bxc3 Bd7 14. Rac1 Rac8 15. Bd3 Nb4 16. Bb1 Nd5 17. h4 Bc6 18. Ng5 g6 19. Ne4 dxe5 20. dxe5 Nxc3 21. Rxc3 Bxe4 22. Rb3 Qa5 23. Qxe4 Rfd8 24. Rxd8+ Qxd8 25. Rxb7 Bxh4 26. Qf4 Be7 27. Rxa7 g5 28. Qe4 Qd1+ 29. Kh2 Qh5+ 30. Kg3 f5 31. exf6 Bd6+ 32. f4 gxf4+ 33. Kf2 Bc5+ 34. Ke1 Qh4+ 35. Kd1 Rd8+ 36. Bd3 Bxa7 37. Qxe6+ Kh8 38. Qe7 Qg4+ 39. Kc2 Qxg2+ 40. Kc3 Qc6+ 41. Kb3 Rb8+ 0-1

[Event "Asian Continental op (Women) 14th"]
[Site "Al Ain"]
[Date "2015.08.02"]
[Round "1"]
[White "Ankhchimeg, Bayanmunkh"]
[Black "Aulia, Medina Warda"]
[Result "0-1"]
[WhiteElo "2180"]
[BlackElo "2412"]
[PlyCount "58"]
[EventDate "2015.08.02"]
[EventType "swiss"]
[EventRounds "9"]
[EventCountry "UAE"]
[SourceTitle "CBM 167 Extra"]
[Source "ChessBase"]
[SourceDate "2015.09.14"]
[SourceVersion "1"]
[SourceVersionDate "2015.09.14"]
[SourceQuality "1"]

1. e4 e6 2. d4 d5 3. exd5 exd5 4. Nf3 Bd6 5. c4 dxc4 6. Bxc4 Nf6 7. 0-0 0-0 8. Bg5 h6 9. Bh4 Nbd7 10. Nc3 c6 11. Re1 Qa5 12. Bg3 Bxg3 13. hxg3 Nb6 14. Bb3 Bg4 15. Re7 Rad8 16. Rxb7 c5 17. Qd3 Bc8 18. Rc7 Nbd7 19. Rc6 Bb7 20. Rd6 Rc8 21. Ne5 Nxe5 22. dxe5 c4 23. Bxc4 Qxe5 24. Qd4 Qa5 25. Re1 Rfe8 26. Rc1 Qh5 27. Rd1 Rc5 28. Qf4 Ng4 29. f3 Qh2+ 0-1

[Event "MGL-ch (Women) 47th"]
[Site "Ulaanbaatar"]
[Date "2015.04.19"]
[Round "2"]
[White "Ankhchimeg, Bayanmunkh"]
[Black "Uuriintuya, Uurtsaikh"]
[Result "1/2-1/2"]
[WhiteElo "2144"]
[BlackElo "1934"]
[PlyCount "145"]
[EventDate "2015.04.18"]
[EventType "tourn"]
[EventRounds "11"]
[EventCountry "MGL"]
[SourceTitle "CBM 166 Extra"]
[Source "ChessBase"]
[SourceDate "2015.06.18"]
[SourceVersion "1"]
[SourceVersionDate "2015.06.18"]
[SourceQuality "1"]

1. e4 c5 2. c3 d5 3. exd5 Qxd5 4. d4 g6 5. Nf3 Bg7 6. Be2 Nc6 7. Be3 cxd4 8. cxd4 Nf6 9. Nc3 Qa5 10. 0-0 0-0 11. a3 Be6 12. b4 Qd8 13. Rc1 Nd5 14. Ne4 Nxe3 15. fxe3 Bh6 16. Rc3 Bd5 17. Nf2 f5 18. b5 Nb8 19. Qd2 Nd7 20. Rfc1 Nf6 21. Ne5 Qd6 22. Bf3 Bxf3 23. gxf3 Nd5 24. Rb3 Rfd8 25. f4 Nxf4 26. Nc4 Qf6 27. exf4 Rxd4 28. Qe2 Rxf4 29. Rd1 Rc8 30. Ne5 Bg5 31. Nf3 Rfc4 32. Rbd3 Rc2 33. Qe5 Qxe5 34. Nxe5 Bh4 35. Rd8+ Kg7 36. Rxc8 Bxf2+ 37. Kg2 Rxc8 38. Kxf2 Rc5 39. Nd7 Rxb5 40. Ke3 e5 41. Rd3 Kf7 42. Rc3 Ke7 43. Nc5 Kd6 44. Nd3 e4 45. a4 Rb1 46. Nc1 Rb2 47. Ne2 g5 48. Nd4 f4+ 49. Kxe4 Rxh2 50. Nf5+ Ke6 51. Nd4+ Kd6 52. Nf5+ Kd7 53. Rd3+ Kc6 54. Rd6+ Kc7 55. Rf6 h5 56. Rf7+ Kc6 57. Nd4+ Kb6 58. a5+ Ka6 59. Ne6 Re2+ 60. Kd5 Kxa5 61. Rxb7 f3 62. Nxg5 f2 63. Rxa7+ Kb4 64. Rf7 Kb3 65. Ne4 h4 66. Nxf2 Kc2 67. Kd4 Kd2 68. Rf4 Re8 69. Ne4+ Ke2 70. Rf2+ Ke1 71. Rh2 Kf1 72. Rxh4 Kg2 73. Ke3 1/2-1/2

[Event "Olympiad Women-41"]
[Site "Tromsoe"]
[Date "2014.08.12"]
[Round "10.4"]
[White "Ankhchimeg, Bayanmunkh"]
[Black "Papp, Petra"]
[Result "1/2-1/2"]
[WhiteElo "2123"]
[BlackElo "2274"]
[PlyCount "52"]
[EventDate "2014.08.02"]
[EventType "team-swiss"]
[EventRounds "11"]
[EventCountry "NOR"]
[SourceTitle "CBM 162"]
[Source "ChessBase"]
[SourceDate "2014.09.17"]
[SourceVersion "1"]
[SourceVersionDate "2014.09.17"]
[SourceQuality "1"]
[WhiteTeam "Mongolia (W)"]
[BlackTeam "Hungary (W)"]
[WhiteTeamCountry "MGL"]
[BlackTeamCountry "HUN"]

1. e4 e5 2. Nf3 Nc6 3. Bb5 a6 4. Ba4 Nf6 5. 0-0 b5 6. Bb3 Bc5 7. a4 Rb8 8. axb5 axb5 9. c3 d6 10. d4 Bb6 11. Qd3 0-0 12. Bg5 exd4 13. cxd4 h6 14. Bh4 g5 15. e5 gxh4 16. Qg6+ Kh8 17. Qxh6+ Nh7 18. Bc2 f5 19. exf6 Rf7 20. Ng5 Qxf6 21. Nxf7+ Qxf7 22. Bxh7 Qxh7 23. Qf8+ Qg8 24. Qh6+ Qh7 25. Qf8+ Qg8 26. Qh6+ Qh7 1/2-1/2

[Event "Olympiad Women-41"]
[Site "Tromsoe"]
[Date "2014.08.11"]
[Round "9.4"]
[White "Ankhchimeg, Bayanmunkh"]
[Black "Bartel, Marta"]
[Result "1/2-1/2"]
[WhiteElo "2123"]
[BlackElo "2359"]
[PlyCount "196"]
[EventDate "2014.08.02"]
[EventType "team-swiss"]
[EventRounds "11"]
[EventCountry "NOR"]
[SourceTitle "CBM 162"]
[Source "ChessBase"]
[SourceDate "2014.09.17"]
[SourceVersion "1"]
[SourceVersionDate "2014.09.17"]
[SourceQuality "1"]
[WhiteTeam "Mongolia (W)"]
[BlackTeam "Poland (W)"]
[WhiteTeamCountry "MGL"]
[BlackTeamCountry "POL"]

1. e4 c5 2. c3 d6 3. d4 Nf6 4. dxc5 Nc6 5. Qc2 dxc5 6. Nf3 Qc7 7. Be3 e6 8. h3 Be7 9. Bd3 b6 10. 0-0 Bb7 11. Nbd2 0-0 12. Bg5 h6 13. Bh4 Rad8 14. Rfe1 e5 15. a4 Nh5 16. Nc4 Nf4 17. Bxe7 Qxe7 18. Bf1 Bc8 19. Rad1 Qf6 20. Rxd8 Rxd8 21. Nh2 Qg6 22. Kh1 Be6 23. Ne3 Qf6 24. Rd1 h5 25. Bb5 Na5 26. Rxd8+ Qxd8 27. b4 cxb4 28. cxb4 Nb3 29. Nf3 Nd4 30. Qd2 Qf6 31. Nxd4 exd4 32. Nf5 Qg5 33. Bf1 Bxf5 34. exf5 Qxf5 35. Qxd4 Ne6 36. Qd2 Qb1 37. Kg1 g6 38. g3 Qa1 39. a5 Kg7 40. Kg2 Qe5 41. h4 Nd4 42. Qc3 Kh7 43. Kh2 Qf6 44. Qe3 Nf3+ 45. Kg2 Ne5 46. Be2 Qd6 47. a6 Kg7 48. Bf3 Nd3 49. b5 Nc5 50. Qg5 Qf6 51. Qd5 Qb2 52. Qc4 Qe5 53. Qd5 Qc3 54. Qd6 Nd3 55. Be4 Ne5 56. Bc6 Qb2 57. Qd5 Ng4 58. Qf3 Qd4 59. Be8 Qf6 60. Qe2 Ne5 61. f4 Ng4 62. Bd7 Qd4 63. Bxg4 hxg4 64. Qxg4 Qb2+ 65. Kh3 Qxb5 66. Qc8 Qf1+ 67. Kh2 Qf2+ 68. Kh3 Qf1+ 69. Kh2 Qe2+ 70. Kh1 Qf3+ 71. Kh2 b5 72. Qc5 Qe2+ 73. Kh3 Qe6+ 74. Kg2 Qxa6 75. Qe5+ Kh7 76. Qd5 Kg8 77. Qd8+ Kg7 78. Qd4+ Qf6 79. Qxa7 b4 80. Qb8 Qb2+ 81. Kh3 b3 82. h5 gxh5 83. Qb5 Kf8 84. Qc5+ Ke8 85. Qc6+ Ke7 86. Qc5+ Ke6 87. Qc6+ Ke7 88. Qc5+ Kd7 89. Qd5+ Ke8 90. Qc6+ Kf8 91. Qc5+ Kg8 92. Qg5+ Qg7 93. Qd8+ Qf8 94. Qg5+ Qg7 95. Qd8+ Kh7 96. Qd3+ Qg6 97. Qxb3 Qg4+ 98. Kh2 Qe2+ 1/2-1/2

[Event "MGL-ch (Women) 46th"]
[Site "Govi Altai"]
[Date "2014.04.06"]
[Round "5"]
[White "Bayarmaa, Bayarjargal"]
[Black "Ankhchimeg, Bayanmunkh"]
[Result "1/2-1/2"]
[WhiteElo "2077"]
[BlackElo "2125"]
[PlyCount "135"]
[EventDate "2014.04.04"]
[EventType "tourn"]
[EventRounds "11"]
[EventCountry "MGL"]
[SourceTitle "CBM 159 Extra"]
[Source "ChessBase"]
[SourceDate "2014.04.24"]
[SourceVersion "1"]
[SourceVersionDate "2014.04.24"]
[SourceQuality "1"]

1. d4 Nf6 2. Nf3 e6 3. Bg5 d5 4. Nbd2 Be7 5. e3 0-0 6. Bd3 c5 7. c3 Nbd7 8. 0-0 b6 9. Ne5 Bb7 10. f4 Ne4 11. Bxe7 Qxe7 12. Bxe4 dxe4 13. Nxd7 Qxd7 14. dxc5 bxc5 15. Nb3 Qc7 16. c4 a5 17. f5 a4 18. Nd2 exf5 19. Rxf5 Rad8 20. Rf2 Rd3 21. Qxa4 Rxe3 22. Qc2 Rd3 23. Raf1 Rfd8 24. Re2 e3 25. Nf3 Qd6 26. a3 Bxf3 27. gxf3 Rd2 28. Rxd2 exd2 29. Rd1 Qf4 30. Qe4 Qg5+ 31. Kf2 Qh6 32. Kg2 Qg5+ 33. Kf2 h5 34. b3 h4 35. Qe3 Qxe3+ 36. Kxe3 Rb8 37. Rxd2 Rxb3+ 38. Ke4 Rxa3 39. Rc2 Ra8 40. Kd5 Rc8 41. Rg2 g6 42. Rg4 Kg7 43. Rxh4 f5 44. Rh3 Kf6 45. Rg3 Rh8 46. Rg2 Rc8 47. f4 Kg7 48. Re2 Kh6 49. Re6 Kh5 50. Ke5 Rd8 51. Rc6 Rd4 52. Rxc5 Re4+ 53. Kd5 Rxf4 54. Rc8 Rf2 55. c5 Kg4 56. Rh8 Rd2+ 57. Ke5 Rc2 58. Kd5 f4 59. c6 f3 60. Kd6 f2 61. Rf8 Kh3 62. c7 Rd2+ 63. Ke7 Re2+ 64. Kd7 Rd2+ 65. Ke7 Re2+ 66. Kd7 Rd2+ 67. Ke7 Re2+ 68. Kd7 1/2-1/2